Pokemon 3G (252-386) - Statistiques

Statistiques générales
  • Ce quiz a été pris 462 fois
  • Le résultat moyen est 91 sur 135
Statistiques - réponses
Hint Réponse % Correct
#0255 Poussifeu
97%
#0252 Arcko
96%
#0258 Gobou
95%
#0256 Galifeu
94%
#0260 Laggron
94%
#0253 Massko
94%
#0257 Braségali
93%
#0383 Groudon
92%
#0254 Jungko
92%
#0382 Kyogre
91%
#0384 Rayquaza
91%
#0259 Flobio
89%
#0263 Zigzaton
88%
#0264 Linéon
87%
#0262 Grahyèna
84%
#0280 Tarsal
84%
#0386 Deoxys
83%
#0373 Drattak
83%
#0282 Gardevoir
83%
#0380 Latias
83%
#0261 Medhyèna
83%
#0266 Armulys
82%
#0265 Chenipotte
82%
#0371 Draby
82%
#0385 Jirachi
82%
#0281 Kirlia
82%
#0381 Latios
82%
#0276 Nirondelle
82%
#0377 Regirock
82%
#0378 Regice
81%
#0379 Registeel
81%
#0268 Blindalys
80%
#0277 Hélédelle
80%
#0269 Papinox
79%
#0310 Elecsprint
78%
#0275 Tengalice
78%
#0267 Charmillon
77%
#0274 Pifeuil
77%
#0376 Métalosse
76%
#0323 Camérupt
75%
#0322 Chamallot
75%
#0309 Dynavolt
75%
#0271 Lombre
75%
#0270 Nénupiot
75%
#0319 Sharpedo
75%
#0374 Terhal
75%
#0320 Wailmer
75%
#0321 Wailord
75%
#0273 Grainipiot
74%
#0375 Métang
74%
#0305 Galegon
73%
#0304 Galekid
73%
#0306 Galeking
73%
#0272 Ludicolo
73%
#0287 Parecool
72%
#0289 Monaflèmit
71%
#0278 Goélise
70%
#0288 Vigoroth
70%
#0279 Bekipan
69%
#0372 Drakhaus
69%
#0318 Carvanha
68%
#0324 Chartor
68%
#0312 Négapi
68%
#0311 Posipi
68%
#0350 Milobellus
67%
#0297 Hariyama
66%
#0349 Barpau
65%
#0369 Relicanth
65%
#0365 Kaimorse
64%
#0330 Libégon
64%
#0296 Makuhita
64%
#0307 Méditikka
64%
#0363 Obalie
64%
#0299 Tarinor
64%
#0308 Charmina
63%
#0328 Kraknoix
63%
#0355 Skelénox
63%
#0338 Solaroc
63%
#0333 Tylton
63%
#0334 Altaria
62%
#0362 Oniglali
62%
#0357 Tropius
62%
#0285 Balignon
61%
#0354 Branette
61%
#0293 Chuchmur
61%
#0364 Phogleur
61%
#0337 Séléroc
61%
#0361 Stalgamin
61%
#0302 Ténéfix
61%
#0295 Brouhabam
60%
#0286 Chapignon
60%
#0366 Coquiperl
60%
#0345 Lilia
60%
#0335 Mangriff
60%
#0336 Séviper
60%
#0346 Vacilys
60%
#0359 Absol
59%
#0348 Armaldo
59%
#0352 Kecleon
59%
#0370 Lovdisc
59%
#0294 Ramboum
59%
#0356 Téraclope
59%
#0367 Serpang
58%
#0329 Vibraninf
58%
#0347 Anorith
56%
#0353 Polichombr
56%
#0368 Rosabyss
56%
#0327 Spinda
56%
#0300 Skitty
54%
#0283 Arakdo
53%
#0351 Morphéo
53%
#0292 Munja
53%
#0303 Mysdibule
53%
#0291 Ninjask
52%
#0301 Delcatty
51%
#0290 Ningale
51%
#0343 Balbuto
50%
#0331 Cacnea
50%
#0332 Cacturne
50%
#0284 Maskadra
50%
#0298 Azurill
49%
#0316 Gloupti
49%
#0344 Kaorine
49%
#0315 Rosélia
49%
#0341 Ecrapince
47%
#0317 Avaltout
46%
#0325 Spoink
46%
#0342 Colhomard
45%
#0358 Eoko
45%
#0314 Lumivole
45%
#0326 Groret
44%
#0360 Okéoké
44%
#0313 Muciole
43%
#0340 Barbicha
42%
#0339 Barloche
42%
Aucun quiz correspondant
Distribution des résultats
% des personnes avec chaque résultat
Percentile par nombre de réponses
Votre historique - résultats
Vous n’avez pas pris ce quiz